| 000 | 00566nam a2200169 i 4500 | ||
|---|---|---|---|
| 001 | 56756 | ||
| 003 | ES-MaACL | ||
| 005 | 20230906163434.0 | ||
| 007 | t| | ||
| 008 | 031013s1972 sp ||||1| spa d | ||
| 110 | 0 |
_aHospital de Navarra (Pamplona) _94595 |
|
| 245 | 1 | 0 |
_aMemoria estadística _b: año 1971 / _cDiputación Foral de Navarra, Hospital de Navarra. |
| 260 |
_aPamplona : _b[s.n., _c1972] ( _fImp. de la Diputación) |
||
| 300 |
_a136 p. ; _c21 cm. |
||
| 610 | 2 | 4 |
_aHospital de Navarra (Pamplona)- _vMemorias. _9169048 |
| 852 |
_aES-MaACL _jC-46268 _bR.83136 |
||
| 999 |
_c56756 _d56756 |
||